000 00601nam a2200241Ia 4500
003 IT-RoPAU
005 20220918175732.0
008 120407s9999 xx 000 0 und d
040 _aIT-RoPAU
040 _cIT-RoPAU
041 _aita
100 _aGiovanni Paolo II
_9306
245 _aAgostino d’Ippona. Lettera apostolica nel XVI centenario della Conversione di S. Agostino
250 _aRoma
260 _aCittĂ  Nuova
260 _c1988
300 _a182 p.
300 _c18 cm
490 _aPiccola biblioteca Agostiniana, 0
490 _v1
942 _cBK
_2ddc
999 _c27501
_d27501